Les villes les plus peuplées d'Europe commençant par E - Statistiques

Statistiques générales
  • Ce quiz a été pris 110 fois
  • Le résultat moyen est 3 sur 8
Statistiques - réponses
Pays Population Villes % Correct
Ecosse 505 000 Edimbourg
93%
France (Saint) 174 000 Saint-Etienne
79%
Allemagne 579 000 Essen
57%
Pays-Bas 298 000 Eindhoven
48%
Espagne 235 000 Elche
31%
Finlande 305 000 Espoo
24%
Allemagne 213 000 Erfurt
14%
Russie 225 000 Engels
0%
Aucun quiz correspondant
Distribution des résultats
% des personnes avec chaque résultat
Percentile par nombre de réponses
Votre historique - résultats
Vous n’avez pas pris ce quiz